000 00581nam a2200229Ia 4500
003 OSt
005 20220918193029.0
006 a|||||r|||| 00| 0
007 ta
008 220917b |||||||| |||| 00| 0 eng d
024 _a71,585
037 _cTextual
040 _aARTS
_cARTS
_beng
041 _2eng
_aeng
082 _aR4, K75
100 _aTaylor Paul W ed
_980893
245 0 _aProblems of moral philosophy
_b an introduction to ethics
260 _c1967
650 _aETHICS
942 _hR4, K75
_cTEXL
_2CC
999 _c197658
_d197658